000 00623nam a2200229Ia 4500
003 OSt
005 20220928102405.0
006 a|||||r|||| 00| 0
007 ta
008 220927b |||||||| |||| 00| 0 eng d
024 _a46468
037 _cTextual
040 _aSDCL
_cSDCL
_beng
041 _2eng
_aeng
082 _aO152,1N00:g, L1
100 _aBatuk Vishwaparkash Dixit
_9398029
245 0 _aPant ki kaavya-partima.
260 _aJalandhar
_bHindi Bhawan
_c1971
300 _a157p.
_ccm.
942 _hO152,1N00:g, L1
_cTEXL
_2CC
999 _c713862
_d713862